Re-location of mission and ecumenism in the context of the margins (Record no. 23610)

MARC details
000 -LEADER
fixed length control field 00335nam a22001337a 4500
082 ## - DEWEY DECIMAL CLASSIFICATION NUMBER
Classification number 266
Author Cutter LAR
100 ## - MAIN ENTRY--AUTHOR NAME
Author name Larbeer Mohan
245 ## - TITLE STATEMENT
Title Re-location of mission and ecumenism in the context of the margins
260 ## - PUBLICATION, DISTRIBUTION, ETC. (IMPRINT)
Place of publication Bangalore
Name of publisher BTESSC
Year of publication 2014
300 ## - PHYSICAL DESCRIPTION
Number of Pages 146
650 ## - SUBJECT ADDED ENTRY--TOPICAL TERM
Topical Term Christian union
-- Mission
942 ## - ADDED ENTRY ELEMENTS (KOHA)
Koha item type Books
Holdings
Home library Current library Shelving location Date acquired Source of acquisition Full call number Accession Number Koha item type
Henry Martyn Institute Library Henry Martyn Institute Library General stacks 10/06/2025 Director 266 LAR 11003246 Books
                   Copyright © 2026 | Henry Martyn Institute | Hyderabad | TS-500052 | INDIA | Implemented by hmi.edu.in
Hit-Count:

Powered by Koha